| 000 | 00890cam a2200241 4500 | ||
|---|---|---|---|
| 001 | 4012818 | ||
| 005 | 20030428151848.0 | ||
| 008 | 700129s1969 nyu b 001 0 eng | ||
| 010 | _a 78088569 //r86 | ||
| 035 | _a(OCoLC)ocm00055846 | ||
| 040 |
_aDLC _cDLC _dZCH |
||
| 050 | 0 |
_aRC481 _b.C35 1969 |
|
| 100 | 1 |
_aCaine, T. M. _q(Thomas Mackenzie) |
|
| 245 | 1 | 4 |
_aThe treatment of mental illness; _bscience, faith, and the therapeutic personality _c[by] T. M. Caine and D. J. Smail. |
| 260 |
_aNew York, _bInternational Universities Press _c[1969] |
||
| 300 |
_a192 p. _c23 cm. |
||
| 504 | _aBibliography: p. 175-185. | ||
| 650 | 0 | _aPsychotherapy. | |
| 700 | 1 |
_aSmail, D. J. _q(David John), _ejoint author. |
|
| 942 |
_2lcc _cBK |
||
| 999 |
_c26580 _d26580 |
||